The songs from Tell me on a Sunday (Registro nro. 322264)

Detalles MARC
000 -ENCABEZADO
Número de control [NR] 00927nam a22002417a 4500
005 - FECHA Y HORA DE LA ÚLTIMA TRANSACCIÓN
control field 20230216114104.0
008 - DE LONGITUD FIJA DE DATOS DE ELEMENTOS - INFORMACIÓN GENERAL
Elementos de longitud fija [NR] 230216s1979 enk |||gr|||| 00| 0 eng d
040 ## - FUENTE DE CATALOGACION [NR]
Agencia de catalogación original [NR] CO-BoUCM
Idioma de catalogación [NR] spa
Quien Cataloga Deissy Garcia
Quien Clasifica Deissy Garcia
041 0# - CODIGO DE IDIOMA [R]
Código de idioma para texto/pista de sonido o título separado [R] Inglés
100 1# - ASIENTO PRINCIPAL--NOMBRE PERSONAL [NR]
ID Autoridad 101175
Nombre personal [NR] Lloyd Webber, Andrew
240 ## - TITULO UNIFORME [NR]
Título uniforme [NR] <a href="Tell me on a sunday">Tell me on a sunday</a>
245 14 - MENCION DE TITULO [NR]
Título [NR] The songs from Tell me on a Sunday
Mención de responsabilidad, etc. [NR] música de Andrew Lloyd Webber; letra de Don Black
260 ## - PUBLICACION, DISTRIBUCION, ETC. (PIE DE IMPRENTA) [R]
Lugar de publicación, distribución, etc. [R] Londres
Nombre del editor, distribuidor, etc. [R] Really Useful Co
-- Sole selling agent, Music Sales
Fecha de publicación, distribución, etc. [R] 1979
300 ## - DESCRIPCION FISICA [R]
Extensión [R] 1 partitura (72 páginas)
500 ## - NOTA GENERAL [R]
Nota general [NR] Para voz y piano, con acordes de guitarra
650 #7 - ASIENTO SECUNDARIO DE MATERIA - TERMINO TEMATICO [R]
Término temático o nombre geográfico como elemento de entrada [NR] Musicales
Subdivisión de forma [R] Partituras
9 (RLIN) 176800
650 #7 - ASIENTO SECUNDARIO DE MATERIA - TERMINO TEMATICO [R]
Término temático o nombre geográfico como elemento de entrada [NR] Comedias musicales
Subdivisión de forma [R] Partituras
9 (RLIN) 176801
650 #7 - ASIENTO SECUNDARIO DE MATERIA - TERMINO TEMATICO [R]
Término temático o nombre geográfico como elemento de entrada [NR] Espectáculos musicales
Subdivisión de forma [R] Partituras
9 (RLIN) 176802
650 #7 - ASIENTO SECUNDARIO DE MATERIA - TERMINO TEMATICO [R]
Término temático o nombre geográfico como elemento de entrada [NR] Operetas
Subdivisión de forma [R] Partituras
9 (RLIN) 176803
700 ## - ASIENTO SECUNDARIO - NOMBRE PERSONAL [R]
Nombre personal [NR] Black, Don
9 (RLIN) 176804
942 ## - ELEMENTOS DE ENTRADA AGREGADOS (KOHA)
Sistema de clasificación DEWEY
Tipo de ítem principal el descrito en 300a Libro
Tema principal Arte
Edición 1
Clasificación 782.14
Parte restante de la signatura top. L793t
Título oculto en OPAC No
Existencias
Total préstamos Signatura topográfica Código de barras Última vez visto Ejemplar Costo de reposición Price effective from Tipo de ítem Nota pública (OPAC) Perdido Sistema de clasificación Dañado No prestable Tipo de ítem específico Suprimido Ubicación habitual Ubicación actual Localización Fecha de creación Forma de adquisición Costo
  782.14 L793t 100171163 10/12/2025 Ej.1 26000.00 16/02/2023 Libro Spot Teatro Musical   DEWEY     Libro   Sede del emprendimiento y la innovación Sede del Emprendimiento, Innovación y Creación 1er piso 16/02/2023 Donación 0.00